| 000 | 01150cam a22003257a 4500 | ||
|---|---|---|---|
| 005 | 20260322212008.0 | ||
| 008 | data | ||
| 010 | _a 2010291645 | ||
| 020 | _a9780756658298 | ||
| 020 | _a0756658292 | ||
| 040 |
_aBTCTA _cBTCTA _dDLC _dDLC |
||
| 042 | _alccopycat | ||
| 050 | 0 | 0 |
_aDL65 _b.M356 2010 |
| 082 | 0 | 0 |
_a948/.022 _222 |
| 092 | _a948 M356 2010 | ||
| 100 | 1 | _aMargeson, Susan M. | |
| 245 | 1 | 0 |
_aViking / _cSusan M. Margeson & Peter Anderson. |
| 246 | 3 | _aEyewitness Viking | |
| 260 |
_aNew York : _bDorling Kindersley, _cc2010. |
||
| 300 |
_a72 p. : _bill. (some col.), col. map, 1 fold-out sheet _c29 cm.+ _e1 clip-art CD-ROM. |
||
| 490 | 1 | _aDK Eyewitness books | |
| 500 | _aIncludes index. | ||
| 500 | _a"Discover the story of the Vikings--their ships, weapons, legends, and saga of war and discovery"--Cover. | ||
| 650 | 0 |
_aVikings _vJuvenile literature. |
|
| 650 | 0 |
_aNorthmen _vJuvenile literature. |
|
| 700 | 1 |
_aAnderson, Peter, _d1956 July 20- |
|
| 830 | 0 | _aDK eyewitness books. | |
| 856 | 4 | 2 |
_3Publisher description _uhttp://www.loc.gov/catdir/enhancements/fy1007/2010291645-d.html |
| 001 | data | ||
| 999 |
_c163 _d163 |
||